5HLuxD.jpg

KING HENRY VIII SENIOR AND PRIMARY SCHOOL LIBRARY OPAC

Linear algebra / (Record no. 3071)

000 -LEADER
fixed length control field 01915nam a2200397 i 4500
001 - CONTROL NUMBER
control field on1011218203
003 - CONTROL NUMBER IDENTIFIER
control field OSt
005 - DATE AND TIME OF LATEST TRANSACTION
control field 20231002091923.0
008 - FIXED-LENGTH DATA ELEMENTS--GENERAL INFORMATION
fixed length control field 190529s2018 nyua e 001 0 eng d
020 ## - INTERNATIONAL STANDARD BOOK NUMBER
International Standard Book Number 9781260011449
040 ## - CATALOGING SOURCE
Original cataloging agency CGL
Language of cataloging eng
Transcribing agency CGL
Modifying agency OCLCO
-- BKL
-- OCLCF
-- STF
-- SFR
-- CaNSH
-- CaOL
-- KH8
Description conventions rda
082 ## - DEWEY DECIMAL CLASSIFICATION NUMBER
Classification number 512.5 LIP
100 1# - MAIN ENTRY--PERSONAL NAME
Personal name Lipschutz, Seymour.
Relator term author.
245 10 - TITLE STATEMENT
Title Linear algebra /
Statement of responsibility, etc. Seymour Lipschutz, PhD, Marc Lars Lipson, PhD.
246 3# - VARYING FORM OF TITLE
Title proper/short title Schaum's outlines Linear algebra.
250 ## - EDITION STATEMENT
Edition statement Sixth edition.
264 #1 - PRODUCTION, PUBLICATION, DISTRIBUTION, MANUFACTURE, AND COPYRIGHT NOTICE
Place of production, publication, distribution, manufacture New York :
Name of producer, publisher, distributor, manufacturer McGraw-Hill Education,
Date of production, publication, distribution, manufacture, or copyright notice [2018]
264 #4 - PRODUCTION, PUBLICATION, DISTRIBUTION, MANUFACTURE, AND COPYRIGHT NOTICE
Date of production, publication, distribution, manufacture, or copyright notice ©2018
300 ## - PHYSICAL DESCRIPTION
Extent vi, 425 pages :
Other physical details illustrations ;
Dimensions 28 cm.
336 ## - CONTENT TYPE
Content type term text
Source rdacontent.
337 ## - MEDIA TYPE
Media type term unmediated
Source rdamedia.
338 ## - CARRIER TYPE
Carrier type term volume
Source rdacarrier.
490 1# - SERIES STATEMENT
Series statement Schaum's outline.
500 ## - GENERAL NOTE
General note Includes index.
500 ## - GENERAL NOTE
General note "612 practice problems with step-by-step solutions, 25 problem-solving videos online, concise explanations of all course concepts" --Cover.
520 ## - SUMMARY, ETC.
Summary, etc. Includes more than 600 fully-solved problems, examples, and practice exercises to sharpen your problem-solving skills. You'll find everything you need to build confidence, skills, and knowledge for the highest score possible. Features: Updated content to match the latest curriculum. Over 600 problems with step-by-step solutions. An accessible outline format for quick and easy review. Clear explanations for all linear algebra concepts. Seymour Lipschutz, Ph.D. is on the faculty of Temple University. Marc Lipson, Ph.D. is on the faculty of University of Georgia.
650 #0 - SUBJECT ADDED ENTRY--TOPICAL TERM
Topical term or geographic name entry element Algebras, Linear
Form subdivision Problems, exercises, etc.
650 #0 - SUBJECT ADDED ENTRY--TOPICAL TERM
Topical term or geographic name entry element Algebras, Linear
Form subdivision Outlines, syllabi, etc.
650 #0 - SUBJECT ADDED ENTRY--TOPICAL TERM
Topical term or geographic name entry element Vector algebra.
650 #0 - SUBJECT ADDED ENTRY--TOPICAL TERM
Topical term or geographic name entry element Vector spaces.
650 #0 - SUBJECT ADDED ENTRY--TOPICAL TERM
Topical term or geographic name entry element Matrices.
650 #0 - SUBJECT ADDED ENTRY--TOPICAL TERM
Topical term or geographic name entry element Determinants.
700 1# - ADDED ENTRY--PERSONAL NAME
Personal name Lipson, Marc.
Relator term author.
830 #0 - SERIES ADDED ENTRY--UNIFORM TITLE
Uniform title Schaum's outline series.
942 ## - ADDED ENTRY ELEMENTS (KOHA)
Source of classification or shelving scheme
Koha item type Teaching Resources
Holdings
Withdrawn status Lost status Source of classification or shelving scheme Damaged status Not for loan Collection code Permanent Location Current Location Shelving location Date acquired Full call number Barcode Date last seen Price effective from Koha item type
          Teaching Resources KH8 Senior School Library KH8 Senior School Library Staff Office 2023-10-02 512.5 LIP TRKHSL003885 2023-10-02 2023-10-02 Teaching Resources
          Teaching Resources KH8 Senior School Library KH8 Senior School Library Staff Office 2023-10-02 512.5 LIP TRKHSL003886 2023-10-02 2023-10-02 Teaching Resources

Powered By KH8 IT Dept